[Event "CHN-chT"]
[Site "Hangzhou"]
[Date "2023.05.23"]
[Round "5.1"]
[White "Ma, Zhonghan"]
[Black "Yu, Ruiyuan1111"]
[Result "1/2-1/2"]
[WhiteElo "2467"]
[BlackElo "2498"]
[PlyCount "60"]
[EventDate "2023.05.19"]
[EventType "team-swiss"]
[EventRounds "9"]
[EventCountry "CHN"]
[SourceTitle "CBM 214 Extra"]
[Source "ChessBase"]
[SourceDate "2023.07.31"]
[SourceVersion "1"]
[SourceVersionDate "2023.07.31"]
[SourceQuality "1"]
[WhiteTeam "Qingdao"]
[BlackTeam "Shenzhen"]
[WhiteTeamCountry "CHN"]
[BlackTeamCountry "CHN"]

1. d4 d5 2. c4 c6 3. cxd5 cxd5 4. Nc3 Nf6 5. Nf3 Nc6 6. Bf4 Bf5 7. e3 e6 8. Qb3 Bb4 9. Bb5 0-0 10. Bxc6 Bxc3+ 11. Qxc3 Rc8 12. Ne5 Ng4 13. Nxg4 Bxg4 14. Qb4 Rxc6 15. Qxb7 Qc8 16. Qxc8 Rfxc8 17. 0-0 Rc2 18. b4 Be2 19. Rfe1 Rb2 20. Reb1 Rxb1+ 21. Rxb1 Bb5 22. h3 a6 23. Rb2 Rc3 24. Bg3 f6 25. Rb3 Rxb3 26. axb3 Kf7 27. f3 Ke7 28. Kf2 Kd7 29. Bb8 Kc8 30. Bd6 Kd7 1/2-1/2

[Event "CHN-chT"]
[Site "Hangzhou"]
[Date "2023.05.22"]
[Round "4.1"]
[White "Bai, Jinshi"]
[Black "Ma, Zhonghan"]
[Result "1/2-1/2"]
[WhiteElo "2557"]
[BlackElo "2467"]
[PlyCount "140"]
[EventDate "2023.05.19"]
[EventType "team-swiss"]
[EventRounds "9"]
[EventCountry "CHN"]
[SourceTitle "CBM 214 Extra"]
[Source "ChessBase"]
[SourceDate "2023.07.31"]
[SourceVersion "1"]
[SourceVersionDate "2023.07.31"]
[SourceQuality "1"]
[WhiteTeam "Hangzhou"]
[BlackTeam "Qingdao"]
[WhiteTeamCountry "CHN"]
[BlackTeamCountry "CHN"]

1. d4 Nf6 2. Nf3 d5 3. c4 c6 4. Qc2 dxc4 5. e4 b5 6. b3 cxb3 7. axb3 e6 8. Bd3 Bb7 9. 0-0 Be7 10. Nc3 h6 11. e5 Nd5 12. Nxd5 Qxd5 13. Be3 Qd7 14. Be4 0-0 15. Rfd1 Rc8 16. Qe2 Bf8 17. Nd2 Qe7 18. Bb1 c5 19. Ne4 Bxe4 20. Bxe4 Nc6 21. dxc5 Rab8 22. Bxc6 Rxc6 23. b4 Qc7 24. Qf3 Be7 25. Ra2 Rd8 26. Rxd8+ Bxd8 27. h3 a6 28. Qe4 Qc8 29. Qd3 Be7 30. Rc2 Rc7 31. Qe4 Rc6 32. g4 Bd8 33. Ra2 Be7 34. Kg2 Rc7 35. Rc2 Rc6 36. Kg3 Bd8 37. Rd2 Be7 38. Rc2 Bd8 39. Rd2 Be7 40. Ra2 Bd8 41. h4 Rc7 42. g5 hxg5 43. hxg5 Be7 44. f3 g6 45. Rd2 Bf8 46. Rd6 Be7 47. f4 Kf8 48. Bd4 Ke8 49. Qh1 Bf8 50. Qh8 Rc6 51. Kf2 Qa8 52. Ke3 Qc8 53. Kf2 Qa8 54. f5 exf5 55. e6 Rxd6 56. cxd6 fxe6 57. Bc5 Qd5 58. d7+ Kxd7 59. Qxf8 Qd2+ 60. Kf3 Qd5+ 61. Ke2 Qg2+ 62. Kd3 Qe4+ 63. Kd2 Qg2+ 64. Ke1 Qe4+ 65. Kf1 Qf3+ 66. Bf2 Qd1+ 67. Kg2 Qg4+ 68. Bg3 Qe2+ 69. Bf2 Qg4+ 70. Bg3 Qe2+ 1/2-1/2

[Event "CHN-chTB"]
[Site "Hefei"]
[Date "2023.04.19"]
[Round "5"]
[White "Xu, Yinglun"]
[Black "Ma, Zhonghan"]
[Result "1-0"]
[WhiteElo "2558"]
[BlackElo "2485"]
[PlyCount "103"]
[EventDate "2023.04.17"]
[EventType "team-swiss"]
[EventRounds "9"]
[EventCountry "CHN"]
[SourceTitle "EXT 2024"]
[Source "ChessBase"]
[SourceDate "2023.10.10"]
[SourceVersion "1"]
[SourceVersionDate "2023.10.10"]
[SourceQuality "1"]
[WhiteTeam "Guangzhou Lingnan"]
[BlackTeam "Qingdao Qingwei"]
[WhiteTeamCountry "CHN"]
[BlackTeamCountry "CHN"]

1. c4 c6 2. Nf3 Nf6 3. Nc3 d5 4. e3 Bg4 5. cxd5 cxd5 6. Qb3 Bc8 7. Bb5+ Nc6 8. e4 a6 9. Bxc6+ bxc6 10. d3 e6 11. 0-0 Be7 12. Bg5 0-0 13. Rac1 Nd7 14. Bxe7 Qxe7 15. Na4 Rb8 16. Qc2 Bb7 17. Nc5 Ba8 18. b3 Rb5 19. Nxd7 Qxd7 20. Nd4 dxe4 21. Nxb5 exd3 22. Rfd1 Rd8 23. Qd2 cxb5 24. Qxd3 Bd5 25. Qg3 Qe7 26. h4 h6 27. Qf4 Qa3 28. Rc2 a5 29. Rd3 a4 30. Rg3 axb3 31. Rc7 Qf8 32. axb3 e5 33. Qxe5 Be6 34. Rb7 b4 35. Kh2 Rd5 36. Qf4 Kh7 37. Qe4+ Rf5 38. Rf3 Qd6+ 39. g3 Qd5 40. Qxd5 Rxd5 41. Rxb4 g5 42. hxg5 hxg5 43. g4 Rd1 44. Re3 Rb1 45. f3 Kg6 46. Kg3 Kf6 47. Kf2 Rb2+ 48. Re2 Rb1 49. Rb6 Ke7 50. Re5 Kf6 51. Rbb5 Bd7 52. Rxg5 1-0

[Event "CHN-chT Div A"]
[Site "Liaocheng"]
[Date "2023.02.06"]
[Round "1.1"]
[White "Xu, Xiangyu"]
[Black "Ma, Zhonghan"]
[Result "1-0"]
[WhiteElo "2578"]
[BlackElo "2484"]
[PlyCount "131"]
[EventDate "2023.02.06"]
[EventType "team-tourn"]
[EventRounds "6"]
[EventCountry "CHN"]
[SourceTitle "CBM 212 Extra"]
[Source "ChessBase"]
[SourceDate "2023.03.31"]
[SourceVersion "1"]
[SourceVersionDate "2023.03.31"]
[SourceQuality "1"]
[WhiteTeam "Chengdu Beilei"]
[BlackTeam "Qingdao Qingwei"]
[WhiteTeamCountry "CHN"]
[BlackTeamCountry "CHN"]

1. d4 Nf6 2. Nf3 d5 3. c4 c6 4. Qc2 dxc4 5. Qxc4 Bg4 6. Nc3 Nbd7 7. Bg5 Qa5 8. Bd2 e6 9. h3 Bh5 10. e3 Qb4 11. 0-0-0 Qxc4 12. Bxc4 Bb4 13. g4 Bg6 14. Nh4 Bxc3 15. Bxc3 Be4 16. f3 Bd5 17. Be2 Bxa2 18. Kc2 a5 19. Ra1 Bd5 20. g5 Nh5 21. e4 Ng3 22. Bd3 Nxh1 23. Rxh1 Nb6 24. exd5 Nxd5 25. Be4 Kd7 26. Bxd5 cxd5 27. f4 f6 28. Rg1 Rhg8 29. Nf3 b6 30. h4 Raf8 31. Bd2 h5 32. Kb3 Ra8 33. Ne1 Ke7 34. Nc2 b5 35. Ne3 g6 36. gxf6+ Kxf6 37. Rc1 Rgc8 38. Ra1 a4+ 39. Ka3 Rc6 40. Bb4 Rb8 41. Rd1 Rb7 42. Rg1 Rf7 43. Bc5 Kg7 44. Rf1 e5 45. Nxd5 exf4 46. Rf3 Re6 47. Kb4 Re2 48. Kxb5 Rxb2+ 49. Kxa4 Rh2 50. Nxf4 Rxh4 51. Ne6+ Kg8 52. Rd3 Rf5 53. Kb5 Re4 54. Nc7 Rf7 55. Kc6 Rf6+ 56. Kb7 Re2 57. d5 Rb2+ 58. Kc8 Rc2 59. Be7 Rf4 60. d6 Rfc4 61. Kd7 h4 62. Rh3 R2c3 63. Rxc3 Rxc3 64. Bxh4 Rh3 65. Bg5 Rd3 66. Ke7 1-0

[Event "CHN-chT Div-A Rapid"]
[Site "Fuling"]
[Date "2022.09.16"]
[Round "9.1"]
[White "Lou, Yiping"]
[Black "Ma, Zhonghan"]
[Result "1/2-1/2"]
[WhiteElo "2485"]
[BlackElo "2485"]
[PlyCount "65"]
[EventDate "2022.09.06"]
[EventType "team-tourn (rapid)"]
[EventRounds "11"]
[EventCountry "CHN"]
[SourceTitle "CBM 210 Extra"]
[Source "ChessBase"]
[SourceDate "2022.11.30"]
[SourceVersion "1"]
[SourceVersionDate "2022.11.30"]
[SourceQuality "1"]
[WhiteTeam "Shanghai"]
[BlackTeam "Qingdao"]
[WhiteTeamCountry "CHN"]
[BlackTeamCountry "CHN"]

1. Nf3 Nf6 2. g3 d5 3. Bg2 c6 4. 0-0 Bf5 5. c4 e6 6. Qb3 Qb6 7. d3 Nbd7 8. cxd5 exd5 9. Qc2 Qc5 10. Qd1 Be7 11. Nc3 0-0 12. e4 dxe4 13. dxe4 Bg4 14. h3 Bxf3 15. Qxf3 Rad8 16. Qe2 Ne5 17. Be3 Qc4 18. Rad1 Qxe2 19. Nxe2 Nc4 20. Bd4 c5 21. Bc3 b5 22. e5 Nd7 23. Bc6 b4 24. Bxd7 bxc3 25. Nxc3 Nxb2 26. Rd5 Nc4 27. Bb5 Nb6 28. Rxd8 Rxd8 29. a4 c4 30. a5 Nd5 31. Nxd5 Rxd5 32. Bxc4 Rxa5 33. Rb1 1/2-1/2

[Event "CHN-chT Div-A"]
[Site "Fuling"]
[Date "2022.09.14"]
[Round "7.2"]
[White "Ma, Zhonghan"]
[Black "Xu, Yinglun"]
[Result "1/2-1/2"]
[WhiteElo "2485"]
[BlackElo "2549"]
[PlyCount "60"]
[EventDate "2022.09.06"]
[EventType "team-tourn"]
[EventRounds "11"]
[EventCountry "CHN"]
[SourceTitle "CBM 210 Extra"]
[Source "ChessBase"]
[SourceDate "2022.11.30"]
[SourceVersion "1"]
[SourceVersionDate "2022.11.30"]
[SourceQuality "1"]
[WhiteTeam "Qingdao"]
[BlackTeam "Shenzhen"]
[WhiteTeamCountry "CHN"]
[BlackTeamCountry "CHN"]

1. d4 Nf6 2. c4 e6 3. Nf3 d5 4. Nc3 Be7 5. Bf4 0-0 6. e3 b6 7. cxd5 Nxd5 8. Nxd5 Qxd5 9. Bd3 Ba6 10. 0-0 c5 11. Bxa6 Nxa6 12. dxc5 Qxd1 13. Rfxd1 Nxc5 14. Be5 f6 15. Bd6 Bxd6 16. Rxd6 Rad8 17. Rad1 Nb7 18. Rxd8 Rxd8 19. Rxd8+ Nxd8 20. Nd4 e5 21. Nb5 Nc6 22. Kf1 Kf7 23. Ke2 h5 24. Kd3 Ke6 25. Kc4 Na5+ 26. Kd3 Nc6 27. Kc4 Na5+ 28. Kd3 Nc6 29. Kc4 Na5+ 30. Kd3 Nc6 1/2-1/2

[Event "CHN-chT"]
[Site "Liaocheng"]
[Date "2021.10.27"]
[Round "8.1"]
[White "Ma, Zhonghan"]
[Black "Cai, Youyang"]
[Result "1-0"]
[WhiteElo "2485"]
[BlackElo "2040"]
[PlyCount "63"]
[EventDate "2021.10.20"]
[EventType "team-swiss"]
[EventRounds "9"]
[EventCountry "CHN"]
[SourceTitle "CBM 204 Extra"]
[Source "ChessBase"]
[SourceDate "2021.11.30"]
[SourceVersion "1"]
[SourceVersionDate "2021.11.30"]
[SourceQuality "1"]
[WhiteTeam "Qingdao"]
[BlackTeam "Ningbo"]
[WhiteTeamCountry "CHN"]
[BlackTeamCountry "CHN"]

1. d4 d5 2. c4 e6 3. Nc3 Nf6 4. Bg5 Nbd7 5. Nf3 Be7 6. e3 c6 7. Rc1 0-0 8. Bd3 dxc4 9. Bxc4 Nd5 10. Bxe7 Qxe7 11. 0-0 Nxc3 12. Rxc3 e5 13. Bb3 e4 14. Nd2 Nb6 15. Rc5 Nd7 16. Rc3 Nb6 17. Qc2 Re8 18. Rc5 Qh4 19. f3 Qh6 20. f4 Be6 21. Re5 Bd5 22. Nxe4 Qg6 23. f5 Qh6 24. Rf3 Qh4 25. g3 Qh5 26. Rf2 f6 27. Re6 Bxe6 28. Bxe6+ Rxe6 29. fxe6 Nd5 30. Nd6 Qg4 31. Nf5 Re8 32. e4 1-0

[Event "SCO Teams"]
[Site "Qingdao"]
[Date "2019.09.17"]
[Round "8.5"]
[White "Ma, Zhonghan"]
[Black "Zhigalko, Sergei"]
[Result "0-1"]
[WhiteElo "2485"]
[BlackElo "2574"]
[PlyCount "98"]
[EventDate "2019.09.15"]
[EventType "team-tourn"]
[EventRounds "9"]
[EventCountry "CHN"]
[SourceTitle "EXT 2020"]
[Source "ChessBase"]
[SourceDate "2019.10.17"]
[SourceVersion "1"]
[SourceVersionDate "2019.10.17"]
[SourceQuality "1"]
[WhiteTeam "China II"]
[BlackTeam "Belarus"]
[WhiteTeamCountry "CHN"]
[BlackTeamCountry "BLR"]

1. d4 Nf6 2. c4 e6 3. Nf3 b6 4. g3 Ba6 5. b3 Bb4+ 6. Bd2 Be7 7. Bg2 c6 8. Bc3 d5 9. Ne5 Nfd7 10. Nxd7 Nxd7 11. Nd2 0-0 12. 0-0 f5 13. a4 Nf6 14. a5 Bd6 15. e3 b5 16. Qc2 bxc4 17. bxc4 Ne4 18. Nxe4 fxe4 19. Ra4 Rb8 20. Rc1 Rf7 21. Be1 Rfb7 22. Qd1 Qf6 23. Raa1 Bb4 24. cxd5 cxd5 25. Rab1 Bxe1 26. Qxe1 Rb2 27. Rxb2 Rxb2 28. Bf1 Bd3 29. Rd1 Qf5 30. Rd2 Rb1 31. Rd1 Rb2 32. Rd2 Rb3 33. Bxd3 exd3 34. Kg2 h5 35. Qd1 Rc3 36. Qf3 Qg6 37. h3 Rc2 38. Rd1 Rc8 39. g4 Rf8 40. Qg3 Qe4+ 41. Kg1 hxg4 42. Qxg4 Rf5 43. Qxe4 dxe4 44. Kg2 Rg5+ 45. Kf1 Rxa5 46. f3 Rf5 47. f4 Ra5 48. Rd2 Ra1+ 49. Kf2 a5 0-1

[Event "SCO Teams"]
[Site "Qingdao"]
[Date "2019.09.16"]
[Round "5.14"]
[White "Ma, Zhonghan"]
[Black "Kobalia, Mihail"]
[Result "0-1"]
[WhiteElo "2485"]
[BlackElo "2608"]
[PlyCount "110"]
[EventDate "2019.09.15"]
[EventType "team-tourn"]
[EventRounds "9"]
[EventCountry "CHN"]
[SourceTitle "EXT 2020"]
[Source "ChessBase"]
[SourceDate "2019.10.17"]
[SourceVersion "1"]
[SourceVersionDate "2019.10.17"]
[SourceQuality "1"]
[WhiteTeam "China II"]
[BlackTeam "Russia"]
[WhiteTeamCountry "CHN"]
[BlackTeamCountry "RUS"]

1. d4 d5 2. c4 c6 3. Nf3 Nf6 4. e3 a6 5. Bd3 Bg4 6. Nbd2 e6 7. b3 c5 8. h3 Bh5 9. cxd5 Nxd5 10. g4 Bg6 11. Bxg6 hxg6 12. Bb2 cxd4 13. Nxd4 Be7 14. N4f3 Bf6 15. Bxf6 Qxf6 16. Ne4 Qe7 17. Kf1 Nc6 18. Qc2 Rc8 19. Qc5 Qxc5 20. Nxc5 Ne5 21. Nxe5 Rxc5 22. Nd3 Rc2 23. Rc1 Rxc1+ 24. Nxc1 Ke7 25. Nd3 Rc8 26. Kg2 Rc2 27. e4 Nc3 28. Nc5 b6 29. Nxa6 Nxe4 30. Kf3 f5 31. Nb4 Rxf2+ 32. Ke3 Rg2 33. Rc1 Nc5 34. Kf3 Rh2 35. Kg3 Rd2 36. h4 e5 37. gxf5 gxf5 38. Kf3 Kf6 39. Rg1 Rd4 40. a3 Rxh4 41. Nd5+ Ke6 42. Nxb6 Rh3+ 43. Ke2 Rxb3 44. Rxg7 Kf6 45. Rc7 Rxb6 46. Rxc5 Rb2+ 47. Ke1 Ra2 48. Ra5 e4 49. a4 Kg5 50. Ra8 Kf4 51. a5 Ke3 52. Kf1 f4 53. a6 f3 54. Kg1 Ra1+ 55. Kh2 f2 0-1

[Event "SCO Teams"]
[Site "Qingdao"]
[Date "2019.09.15"]
[Round "3.11"]
[White "Ma, Zhonghan"]
[Black "Bai, Jinshi"]
[Result "0-1"]
[WhiteElo "2485"]
[BlackElo "2591"]
[PlyCount "156"]
[EventDate "2019.09.15"]
[EventType "team-tourn"]
[EventRounds "9"]
[EventCountry "CHN"]
[SourceTitle "EXT 2020"]
[Source "ChessBase"]
[SourceDate "2019.10.17"]
[SourceVersion "1"]
[SourceVersionDate "2019.10.17"]
[SourceQuality "1"]
[WhiteTeam "China II"]
[BlackTeam "China"]
[WhiteTeamCountry "CHN"]
[BlackTeamCountry "CHN"]

1. d4 d5 2. c4 c6 3. Nf3 Nf6 4. Nc3 dxc4 5. a4 e6 6. e3 c5 7. Bxc4 cxd4 8. Nxd4 Bb4 9. 0-0 0-0 10. Qb3 Qe7 11. Bd2 Rd8 12. Rad1 Nbd7 13. Ne4 Bxd2 14. Nxd2 Nc5 15. Qa3 Bd7 16. N2b3 Bxa4 17. Qxc5 Qxc5 18. Nxc5 Bxd1 19. Rxd1 e5 20. Nxb7 Rdb8 21. Nd6 exd4 22. Nxf7 dxe3 23. Ng5+ Kf8 24. b3 exf2+ 25. Kxf2 Rb6 26. Ne6+ Ke7 27. Re1 Kd6 28. Nxg7 Rf8 29. Ne6 Rc8 30. Rd1+ Ke5 31. Ng5 Kf5 32. h4 Rc7 33. Re1 h6 34. Bd3+ Kg4 35. Be2+ Kxh4 36. Nf3+ Kh5 37. Nd4+ Kg5 38. Bc4 Rd7 39. Nf3+ Kf5 40. Nh4+ Kg4 41. Nf3 Kf5 42. Nh4+ Kg4 43. Nf3 Rg7 44. Ne5+ Kf5 45. Bd3+ Kg5 46. Bc4 Ng4+ 47. Nxg4 Kxg4 48. Re4+ Kf5 49. Re8 Rf6 50. Bd5 Kg5+ 51. Kg1 Rd7 52. Bc4 Kf4 53. Kh2 Rg6 54. Rf8+ Ke5 55. Kh3 Rd1 56. Re8+ Kf4 57. Rf8+ Ke3 58. Re8+ Kd2 59. Kh2 Kc2 60. Re7 a6 61. g3 Kc3 62. Ra7 Rdd6 63. Kh3 Rdf6 64. Kg2 Kb4 65. Rb7+ Kc5 66. Rc7+ Kb6 67. Re7 Rg5 68. Re3 Kc5 69. Kh3 a5 70. Be6 Kd4 71. Re1 Rf3 72. Rg1 Kc3 73. Kh4 Rf2 74. g4 Rf3 75. Rc1+ Kb2 76. Rc7 Rf6 77. Bc4 Rf4 78. Be6 Re4 0-1

[Event "SCO Teams"]
[Site "Qingdao"]
[Date "2019.09.15"]
[Round "1.8"]
[White "Ma, Zhonghan"]
[Black "Krishna, C Revanth Gopala"]
[Result "1/2-1/2"]
[WhiteElo "2485"]
[BlackElo "2446"]
[PlyCount "81"]
[EventDate "2019.09.15"]
[EventType "team-tourn"]
[EventRounds "9"]
[EventCountry "CHN"]
[SourceTitle "EXT 2020"]
[Source "ChessBase"]
[SourceDate "2019.10.17"]
[SourceVersion "1"]
[SourceVersionDate "2019.10.17"]
[SourceQuality "1"]
[WhiteTeam "China II"]
[BlackTeam "India"]
[WhiteTeamCountry "CHN"]
[BlackTeamCountry "IND"]

1. Nf3 d5 2. d4 Nf6 3. c4 c6 4. e3 Bf5 5. cxd5 cxd5 6. Qb3 Qc7 7. Bd2 Nc6 8. Bb5 e6 9. 0-0 Bd6 10. Bb4 0-0 11. Bxc6 bxc6 12. Nbd2 Bxb4 13. Qxb4 Rab8 14. Qa3 Qb6 15. b3 Rfc8 16. Rfc1 Nd7 17. Rc3 a5 18. Rac1 Rb7 19. Qd6 Rbc7 20. Ne5 Nxe5 21. dxe5 Bg4 22. h3 Be2 23. Qc5 Qa6 24. a4 h6 25. Qd4 Rb7 26. Rc5 Rb4 27. Qc3 Qb6 28. Rxc6 Rxc6 29. Qxc6 Qxc6 30. Rxc6 Bd1 31. Rc3 d4 32. Rd3 dxe3 33. fxe3 Rb8 34. Rc3 Rd8 35. Nf3 Bxf3 36. gxf3 Rd2 37. Rc5 Rd3 38. Rxa5 Rxb3 39. Kf2 Ra3 40. Ra7 g5 41. a5 1/2-1/2

[Event "Xingtai op"]
[Site "Xingtai"]
[Date "2018.10.21"]
[Round "8"]
[White "Zvjaginsev, Vadim"]
[Black "Ma, Zhonghan"]
[Result "1-0"]
[WhiteElo "2644"]
[BlackElo "2496"]
[PlyCount "109"]
[EventDate "2018.10.14"]
[EventType "swiss"]
[EventRounds "9"]
[EventCountry "CHN"]
[SourceTitle "CBM 186 Extra"]
[Source "ChessBase"]
[SourceDate "2018.08.24"]
[SourceVersion "1"]
[SourceVersionDate "2018.08.24"]
[SourceQuality "1"]

1. Nf3 Nf6 2. g3 d5 3. Bg2 g6 4. 0-0 Bg7 5. d4 0-0 6. c3 c6 7. Nbd2 Bf5 8. Nh4 Bg4 9. Re1 Na6 10. Qb3 Qb6 11. e4 dxe4 12. Nxe4 Nxe4 13. Bxe4 e5 14. Qxb6 axb6 15. dxe5 Nc5 16. Bc2 Be6 17. a3 Nb3 18. Rb1 Nxc1 19. Rbxc1 Rfe8 20. f4 Rad8 21. Nf3 Bg4 22. Ng5 Re7 23. h3 Be6 24. Nxe6 Rxe6 25. Rcd1 Ree8 26. Rxd8 Rxd8 27. Rd1 Rxd1+ 28. Bxd1 Kf8 29. Bg4 h5 30. Bc8 h4 31. Bxb7 hxg3 32. Kg2 g5 33. fxg5 Bxe5 34. Bxc6 Bf4 35. b3 Kg7 36. Be4 Bxg5 37. Kxg3 Kf6 38. Bd5 Bc1 39. a4 Kg6 40. c4 Bd2 41. h4 f5 42. Bf3 Be1+ 43. Kh3 Kf6 44. h5 Bd2 45. Kg2 Ke5 46. Kf2 Kd4 47. Ke2 Bh6 48. Bd5 Bf8 49. Kf3 Ke5 50. Ke3 Bg7 51. Kd3 Bf8 52. Kc3 Kd6 53. Kb4 f4 54. Kb5 Kc7 55. b4 1-0